00286nam a2200133Ia 4500003000400000005001700004008004100021020001500062040000900077100001800086245002200104260001700126260000900143OSt20231107062744.0170524s9999 xx 000 0 und d a0754802396 cIIMT aLee-Kim Chung 4aThe Magic of Asia bLoreng books c1993